Medicine and the state : professional autonomy and public accountability

Saved in:
Bibliographic Details
Main Author: Daniel, A. E. (Ann E.)
Format: Book
Language:English
Published: Sydney : Allen & Unwin, c1990
Subjects:
Tags: Add Tag
No Tags, Be the first to tag this record!

MARC

LEADER 00000nam a2200000 i 4500
001 1/94509
008 991126s1990 eng d
020 |a 0-04-442203-2 
035 |l 10054846 
040 |a GR-MY-UA  |b gre  |e aacr 
041 0 |a eng 
082 0 |a 362.10994 
100 1 |a Daniel, A. E.  |q (Ann E.) 
245 1 0 |a Medicine and the state :  |b professional autonomy and public accountability /  |c Ann Daniel 
260 |a Sydney :   |b Allen & Unwin,   |c c1990 
300 |a 183 p. 
504 |a Includes bibliographical references and index 
650 0 0 |a Medical policy  |z Australia. 
650 0 0 |a Medical care  |z Australia. 
650 0 0 |a Medicine, State  |z Australia. 
852 |a INST  |b LESVOS  |e 19991126  |h 362.10994 DAN  |p 005100022133  |q 005100022133  |t BK  |y 0 
901 |a BIBL1-2000-1 
909 |a Λ  |b 069776 
922 |a 1ΕΛΗ  |b 199910  |c ΚΠΣ/ΤΚ  |d ΠΑΠΑΣΩΤΗΡΙΟΥ 
950 |a 103-1998-07-27 
970 |z 2000/06/ΟΙΚΟΝΟΜΟΠΟΥΛΟΥ ΧΡΙΣΤΙΝΑ 
970 |a ΤΖΑΦΕΡΗ  |b ΕΥΑΓΓΕΛΙΑ  |z 2000/01/20